Our National songs (Record no. 15252)

MARC details
000 -LEADER
fixed length control field 00415nam a2200145Ia 4500
005 - DATE AND TIME OF LATEST TRANSACTION
control field 20240814120842.0
008 - FIXED-LENGTH DATA ELEMENTS--GENERAL INFORMATION
fixed length control field 240813s9999||||xx |||||||||||||| ||und||
082 ## - DEWEY DECIMAL CLASSIFICATION NUMBER
Classification number 784.71954 IND
100 ## - MAIN ENTRY--PERSONAL NAME
Personal name Ministry of Information and Brodcasting, India
245 #0 - TITLE STATEMENT
Title Our National songs
260 ## - PUBLICATION, DISTRIBUTION, ETC.
Place of publication, distribution, etc. India
Name of publisher, distributor, etc. Publications Division
Date of publication, distribution, etc. 1951
300 ## - PHYSICAL DESCRIPTION
Extent 27p
650 ## - SUBJECT ADDED ENTRY--TOPICAL TERM
Topical term or geographic name entry element Arts, Crafts, Music, Sports and recreations
942 ## - ADDED ENTRY ELEMENTS (KOHA)
Koha item type Book
Holdings
Withdrawn status Lost status Damaged status Not for loan Home library Current library Date acquired Total checkouts Barcode Date last seen Price effective from Koha item type
        Library and Documentation Division NCERT Library and Documentation Division NCERT 08/14/2024   15989 08/14/2024 08/14/2024 Book